On This Day: June 27th II Quiz Stats

 Plays Quiz Updated Jun 27, 2018

Score 0/7 Timer 03:00
0 Plays Today
Question Answer Wrong Answers
The United States decides to send troops to fight in the ______.
1950
Korean War
96.5%
Spanish Civil War
2%
Laotian Civil War
0.4%
Lebanon Crisis
0.9%
The first ______ Medal is presented for kids literature, awarded to ‘The Story of Mankind’ by Hendrik Willem van Loon.
1922
Newbery
86.4%
Daubery
4.9%
Timbery
3.2%
Ambery
5.4%
This American director and producer, a co-creator of the TV series ‘Lost’ and director of ‘Star Wars: The Force Awakens’, is born.
1966
J.J. Abrams
68.8%
George Lucas
24.4%
Rian Johnson
2.8%
Ron Howard
3.6%
Djibouti gains their independence from ______.
1977
France
61.7%
Portugal
19.7%
Germany
3.3%
Italy
14.4%
This James Bond film, the first to star actor Roger Moore, is released in the United States.
1973
Live and Let Die
44.3%
You Only Live Twice
16.3%
Diamonds Are Forever
17.2%
Moonraker
21.5%
After declaring independence two days earlier, this nation is invaded by Yugoslav troops, tanks, and aircraft, starting the Ten-Day War.
1991
Slovenia
36.4%
Kosovo
55.5%
Bulgaria
5%
Greece
2%
This man becomes Prime Minister of the United Kingdom.
2007
Gordon Brown
26.2%
Tony Blair
26.9%
John Major
5.9%
David Cameron
39.9%

You're not logged in!

Compare scores with friends on all Sporcle quizzes.
OR
Log In

Sporcle TV

Today on Sporcle TV


Watch our educational content, quiz creation guides, and fun videos on Sporcle TV.

Show Comments

Extras

Top Quizzes Today


Score Distribution

Your Account Isn't Verified!

In order to create a playlist on Sporcle, you need to verify the email address you used during registration. Go to your Sporcle Settings to finish the process.

Report this User

Report this user for behavior that violates our Community Guidelines.

Details: